MDQL
is popping MORE tags! Check the
thread
!
Quizzes
Events
Quiz Creation
Community
Videos
Private Events
Remove Ads
Sign In
Join for FREE
Feedback
Dark Mode
Quiz Categories
Sports
Geography
Music
Movies
Television
Just For Fun
Miscellaneous
History
Literature
Language
Science
Gaming
Entertainment
Religion
Holiday
For Kids
Quiz Lab
Recent
Popular Today
Quiz Kudos Today
Editor Picks
Curator Picks
Quizzes by...
Day
Popularity
Type
Ratings
Length
Year
Community
Subscriptions
Recent Discussions
Orange Saloon
Badges
Playlists
Quests
Create
Leaderboards
Showdown
Live 5
Trivia Bingo
Activity
Puzzle Library
Sporcle Events
Private Events
Virtual Trivia
Globe League
Become a Host
Pub Owners
SporcleCon
Opinionation
Our Games
Videos
Blog
Mobile Apps
Partnerships
Remove Ads and Go Orange
Feedback
Movies
Disney
Marvel Cinematic Universe
Movie Resume
Movie Titles
Oscar
Actor
Actress
Director
Pixar
Role
Movie Quotes
Movie Characters
Box Office
Nominee
Best Picture
Star Wars
James Bond
Horror Movies
Movies
Disney
Marvel Cinematic Universe
Movie Resume
Movie Titles
Oscar
Actor
Actress
Director
Pixar
Role
Movie Quotes
Movie Characters
Box Office
Nominee
Best Picture
Star Wars
James Bond
Horror Movies
Random Quiz
Search Sporcle
×
Curator Pick
Curator Pick
Movies
Actress
Type in answers that appear in a list
Type in answers that appear in a list
Classic
Best Score? Go Orange.
X-Men Movies' Actors Stats
Can you name the X-Men movies' actors?
By
teggers
10m
76 Questions
382 Plays
382 Plays
382 Plays
Comments
Comments
Give Quiz Kudos
Give Quiz Kudos
-
- Ratings
hide this ad
Replay
Link that replays current quiz
Next Quiz
Link to next quiz in quiz playlist
You Got
0%
They Got
Avg Score
26%
Avg Friend Score
Upgrade to see
Score Distribution
Jump to the score distribution portion of the page
Score
0/76
Timer
10:00
0
Plays Today
Character
Actor/Actress
% Correct
Wolverine
Hugh Jackman
92.7%
Storm
Halle Berry-Alexandra Shipp
90.6%
Professor X
Patrick Stewart-James McAvoy
86.6%
Magneto
Ian McKellen-Michael Fassbender
85.3%
Rogue
Anna Paquin
78.8%
Mystique
Rebecca Romijn-Jennifer Lawrence
76.2%
Jean Grey
Famke Janssen-Sophie Turner
67.5%
Cyclops
James Marsden-Tim Pocock-Tye Sheridan
65.7%
Juggernaut
Vinnie Jones
63.4%
Beast
Steve Bacic-Kelsey Grammer-Nicholas Hoult
61.3%
Deadpool
Ryan Reynolds
58.9%
Banshee
Caleb Landry Jones
57.9%
Emma Frost
January Jones-Tahyna Tozzi
57.6%
Warpath
Booboo Stewart
55.6%
Shadowcat
Ellen Page-Katie Stuart-Sumela Kay
54.5%
Sabretooth
Liev Schreiber-Tyler Mane
53.4%
Nightcrawler
Alan Cumming-Kodi Smith McPhee
51.8%
Sebastian Shaw
Kevin Bacon
50.8%
Lady Deathstrike
Kelly Hu
45.3%
Scarlet Witch
Elizabeth Olsen
43.8%
Toad
Ray Park-Evan Jonigkeit
41.1%
Iceman
Shawn Ashmore
39.3%
William Stryker
Brian Cox-Danny Huston-Josh Helman
37.7%
Apocalypse
Oscar Isaac
35.3%
Quicksilver
Evan Peters-Aaron Taylor Johnson
34.6%
Moira MacTaggert
Rose Byrne-Olivia Williams
33.8%
Angel
Ben Foster-Ben Hardy
33.2%
Kestrel
Will i Am
31.9%
Gambit
Taylor Kitsch-Channing Tatum
31.4%
Bishop
Omar Sy
28.8%
Weasel
T.J. Miller
27.1%
Blink
Bingbing Fan
25.5%
Colossus
Daniel Cudmore-Andre Tricoteux
24.9%
Angel Salvadore
Zoe Kravitz
23.8%
Angel Dust
Gina Carano
22.9%
Bolt
Dominic Monaghan
20.9%
Multiple Man
Eric Dane
20.7%
Pyro
Aaron Stanford
20.2%
Character
Actor/Actress
% Correct
Trask
Bill Duke-Peter Dinklage
20.2%
Negasonic Teenage Warhead
Brianna Hildebrand
19.8%
Havok
Lucas Till
18.8%
Blob
Kevin Durand
17.8%
Ajax
Ed Skrein
17.7%
Copycat
Morena Baccarin
16.7%
Silver Fox
Lynn Collins
16%
Robert Kelly
Bruce Davison
16%
Sunspot
Adan Canto
15.7%
Jubilee
Katrina Florece-Kea Wong-Lana Condor
15.4%
Callisto
Dania Ramirez
15.4%
Azazel
Jason Flemyng
14.7%
Leech
Cameron Bright
14.4%
Psylocke
Olivia Munn-Mei Melancon
13.6%
Kid Omega
Ken Leung
12.8%
Mariko Yashida
Tao Okamoto
11.8%
Yukio
Rila Fukushima
11.8%
Shingen
Hiroyuki Sanada
11.8%
Darwin
Edi Gathegi
11.3%
Maverick/
Agent Zero
Daniel Henney
10.5%
Caliban
Tomas Lemarquis
10.4%
Siryn
Shauna Kain
9.2%
Viper
Svetlana Khodchenkova
8.8%
Silver Samurai
Hal Yamanouchi
8.8%
Warren Worthington II
Michael Murphy
8.6%
Artie
Bryce Hodgson
8.4%
Riptide
Alex Gonzalez
8.1%
Flea
Luke Pohl
7.3%
Jones
Connor Widdows
7.3%
Dr. Kavita Rao
Shohreh Aghdashloo
7.1%
Arclight
Omahyra
6.8%
Spike
Lance Gibson
6.8%
Phat
Via Saleaumua
6%
Glob Herman
Clayton Watmough
5.8%
Henry Gyrich
Matthew Sharp
4.7%
Guardian
Julia Blake
4.5%
Jason 143
Michael Reid MacKay
4.5%
Van Mier
Chris Sadrinna
3.4%
Quiz Playlist
Details
Report
Send in Message
Add To Playlist
Classic:
Type in answers that appear in a list
Last Updated: Mar 19, 2017
Curator Pick in
Actor
Quiz Scoreboard
CHALLENGE
Sign Up to Join the Scoreboard
Show All
Scores
Hide
Comments
May contain spoilers
Recently Published
Colored Red Africa Blitz
by spor1
Geography
30s
Find the 'City' Movie
by crazypaving
Movies
60s
5x2 Blitz: Bands
by SL_Kpop136
Music
30s
More to Explore
Quiz From the Vault
Featured Blog Post
14 Easter Pick-up Lines to Find Eggs With
hide this ad
You Might Also Like...
Tags
Actor Quiz
Actress Quiz
Character
X-Men
Today's Top Quizzes in Movies
Browse Movies
hide this ad
Today's Top Quizzes in Actress
Browse Actress
Top Contributed Quizzes in Movies
1
Find The 'Big' Movie
2
Find The 'Wild' Movie
3
Find The 'Blue' Movie
4
Movies By Plot
5
Pick 5 Posters: Directed by Spielberg
6
Hidden Star Wars Character II
7
Hidden Star Wars Character III
8
Hidden Star Wars Character IV
9
Alfred Hitchcock Movies by Plot
10
Hidden Star Wars Character V
Explore More
Trending Topics
Kpop
Marvel
Harry Potter
Crossword
NBA
Anime
Disney
Country
Pokémon
WWE
Soccer
NFL
Song
Puzzle
The Office
hide this ad
More By:
teggers
Quiz
Plays
Rating
Category
Featured
Created
Most Visited European Countries
121,141
3.70
Geography
Dec 12, 2015
Most Visited Asian Countries
87,680
4.40
Geography
Dec 12, 2015
Most Visited American Countries
82,848
4.65
Geography
Dec 13, 2015
Cucumber Producing Countries
57,911
4.58
Geography
Jul 12, 2013
Top 10 Richest Countries in North America
48,500
4.20
Geography
Apr 1, 2013
Go to Creator's Profile
Score Distribution
Quiz Creator Spotlight
teggers
Follow
Send a Message
Quizzes Created
-
Created Quiz Play Count
-
More By This Creator
Popular Quizzes Today
1
Find the 'City' Movie
2
Colored Red Africa Blitz
3
5x2 Blitz: Bands
4
Find the US States - No Outlines Minefield
5
The Countries of the World
6
Find the US States
7
9x9 Crossword: Cartoon Network
8
US States
More Movies Quizzes
Not These Actors!
Published
Trending Quizzes
Colored Red Europe Blitz I
Colored Red Africa Blitz II
Colored Red Africa Blitz III
Colored Red Europe Blitz III
Colored Red Europe Blitz II
Recently Updated
Champions League XIs: Real Madrid
pecheneg
Largest US Cities 1790-2010
pecheneg
Rides in Walt Disney World
pecheneg
Most Oscar Losses (Acting)
pecheneg
Beyoncé Albums
pecheneg
Leaping Animals
pecheneg
Reality TV Shows (A-Z)
bhenderson79
Rickey Henderson's Hall of Fame Teammates
pecheneg
Champions League XIs: Arsenal
pecheneg
Quick Pick: Celebrities in WWE's Hall of Fame
aduchscher
Trending Topics
NBA
Disney
Harry Potter
Crossword
Kpop
Anime
Marvel
Puzzle
Song
The Office
Pokémon
WWE
Country
Soccer
NFL
Your Account Isn't Verified!
In order to create a playlist on Sporcle, you need to verify the email address you used during registration. Go to your
Sporcle Settings
to finish the process.
Report this User
Report this user for behavior that violates our
Community Guidelines
.
Details:
Send Report
Go to the Sporcle.com Mobile Site →
Comments